000 00635cam a2200217 4500500
005 20260329002728.0
041 _afre
042 _adc
100 1 0 _aEltchaninoff, Michel
_eauthor
245 0 0 _aLa démocratie islamique : une illusion perdue ?
260 _c2013.
500 _a91
690 _aDémocratie
690 _aErdogan
690 _aIslamisme
690 _aMontesquieu
690 _aRousseau
690 _aTurquie
786 0 _nPhilosophie magazine | 71 | 7 | 2013-07-01 | p. 7-8 | 1951-1787
856 4 1 _uhttps://shs.cairn.info/magazine-philosophie-magazine-2013-7-page-7?lang=fr&redirect-ssocas=7080
999 _c1817834
_d1817834